000 01031nam a2200229Ia 4500
003 GCL
005 20240530104551.0
008 140319s9999 xx 000 0 ara d
040 _aGCL /
_cGCL
082 0 4 _a214
_bج ت
100 1 _aابن الجوزى : ابوالفرج جمال الدين عبدالرحمن بن على بن محمد بن على القرشى البغدادى
245 1 0 _aالتبصرة : للامام ابى الفرج عبدالرحمن بن الجوزى (597-510هـ) /
_cابن الجوزى : ابوالفرج جمال الدين عبدالرحمن بن على بن محمد بن على القرشى البغدادى
260 _a[S.N] :
_bدار الكتب العلمية للنشر والتوزيع ،
_c1993
300 _a507 ص
650 0 4 _aالاسلام
650 0 4 _aالثقافة الاسلامية
650 0 4 _aالفقه الاسلامى
650 0 4 _aالثقافة الجماهيرية
650 0 4 _aالاداب
700 1 _aمصطفى عبدالرحمن
942 _2ddc
_cBK
999 _c48746
_d48746